000 00723nam a22002417a 4500
003 UA-OsUOA
001 125970
007 ta
008 20171004b un ||||| |||| 00| 0 ukr d
100 _aХаврусь С.
090 _a82.09(477)
_bХ12
942 _cBK
040 _aUA-OsUOA
_bukr
_cUA-OsUOA
_dUA-OsUOA
245 _aЛюбов і мрії мудрого Нечуя
_bлітературознавчі розвідки
300 _a150 с.
955 _a1
041 _aukr
080 _a82.09(477)
020 _a978-966-97288-1-4
260 _aЧеркаси
_bІнтеграл-Техноіпекс
_c2013
650 7 _a82 Література. Літературознавство
_2UDC
999 _c413222
_d413222